[Event "Vinnytsia Olkhovsky Memorial 8th"]
[Site "Vinnytsia"]
[Date "2021.07.10"]
[Round "3"]
[White "Shvets, Viktoria"]
[Black "Skliarov, Viktor"]
[Result "0-1"]
[WhiteElo "1674"]
[BlackElo "2383"]
[PlyCount "112"]
[EventDate "2021.07.10"]
[EventType "swiss (rapid)"]
[EventRounds "9"]
[EventCountry "UKR"]
[SourceTitle "CBM 203 Extra"]
[Source "ChessBase"]
[SourceDate "2021.09.30"]
[SourceVersion "1"]
[SourceVersionDate "2021.09.30"]
[SourceQuality "1"]

1. f4 Nf6 2. Nf3 c5 3. e3 g6 4. b3 Bg7 5. Bb2 0-0 6. Be2 d6 7. 0-0 Nc6 8. Nc3 e5 9. fxe5 Nxe5 10. h3 Nxf3+ 11. Bxf3 d5 12. Qe2 Re8 13. Qf2 Be6 14. Rae1 Qd7 15. Kh1 h5 16. Qh4 Nh7 17. e4 d4 18. Nd5 Bxd5 19. exd5 Qd6 20. d3 Nf6 21. Qg5 Nd7 22. Bc1 Rad8 23. Bf4 Qf6 24. Qg3 h4 25. Qg4 Ne5 26. Bxe5 Rxe5 27. Rxe5 Qxe5 28. Qxh4 Bf6 29. Qg4 Kg7 30. Be4 Rh8 31. Rf5 Qd6 32. Rf3 b6 33. Kg1 Rh4 34. Qc8 Rh8 35. Qg4 Rh4 36. Qg3 Qxg3 37. Rxg3 Be5 38. Rg4 Rh8 39. Kf2 Rf8 40. Bf3 f5 41. Rh4 Bf6 42. Rf4 Bg5 43. Kg3 Re8 44. h4 Bxf4+ 45. Kxf4 Kf6 46. g4 fxg4 47. Bxg4 Rd8 48. Be6 Rh8 49. Kg4 a5 50. a4 Rh5 51. Kg3 g5 52. hxg5+ Rxg5+ 53. Kf4 Rg2 54. Bd7 Ke7 55. Bg4 Kd6 56. Bd1 Rd2 0-1